[Event "Sofia MGU op 199th"]
[Site "Sofia"]
[Date "2017.12.24"]
[Round "4"]
[White "Punchev, Ivan"]
[Black "Georgiev, Nikolay"]
[Result "0-1"]
[WhiteElo "1688"]
[BlackElo "1588"]
[PlyCount "94"]
[EventDate "2017.12.23"]
[EventType "swiss"]
[EventRounds "6"]
[EventCountry "BUL"]
[SourceTitle "CBM 182 Extra"]
[Source "ChessBase"]
[SourceDate "2018.02.23"]
[SourceVersion "1"]
[SourceVersionDate "2018.02.23"]
[SourceQuality "1"]

1. d4 d5 2. e3 Nf6 3. Bd3 Bg4 4. f3 Bh5 5. Be2 Nc6 6. h4 Bg6 7. a3 e5 8. g4 h6 9. Bb5 Qd6 10. Ne2 e4 11. Nf4 exf3 12. Rg1 Be4 13. h5 Nh7 14. Qd2 Be7 15. Qf2 Ng5 16. Bd2 a6 17. Ba4 0-0 18. Nc3 Bf6 19. Na2 b5 20. Bb3 Rfe8 21. 0-0-0 Nb8 22. Bb4 Qd7 23. Nc3 c6 24. Qg3 a5 25. Bc5 Na6 26. Kb1 Nxc5 27. dxc5 Bxc3 28. bxc3 Qe7 29. Rd4 Qxc5 30. Kb2 Bh7 31. Nd3 Bxd3 32. cxd3 Rxe3 33. Re1 Rae8 34. Rxe3 Rxe3 35. Bd1 Ne6 36. Qf2 Re2+ 37. Bxe2 fxe2 38. Qxe2 Nxd4 39. cxd4 Qxd4+ 40. Ka2 Kf8 41. Qf3 Qe5 42. Kb3 c5 43. Qf2 c4+ 44. dxc4 bxc4+ 45. Ka4 d4 46. Qf3 d3 47. Qa8+ Qe8+ 0-1

[Event "Sofia MGU op 197th"]
[Site "Sofia"]
[Date "2017.11.25"]
[Round "1"]
[White "Georgiev, Nikolay"]
[Black "Andreev, Dobrotich"]
[Result "0-1"]
[WhiteElo "1588"]
[BlackElo "1829"]
[PlyCount "54"]
[EventDate "2017.11.25"]
[EventType "swiss"]
[EventRounds "6"]
[EventCountry "BUL"]
[SourceTitle "CBM 181 Extra"]
[Source "ChessBase"]
[SourceDate "2017.12.12"]
[SourceVersion "1"]
[SourceVersionDate "2017.12.12"]
[SourceQuality "1"]

1. e4 c6 2. Nc3 d5 3. Qf3 Nf6 4. e5 d4 5. exf6 dxc3 6. Qxc3 gxf6 7. d4 Bf5 8. Bd3 Bxd3 9. Qxd3 e6 10. Nf3 Bd6 11. Bh6 Qa5+ 12. Bd2 Qc7 13. g3 Nd7 14. 0-0-0 0-0-0 15. Kb1 c5 16. dxc5 Bxc5 17. Qe2 Qb6 18. Rhf1 Ba3 19. Bc3 Nc5 20. Bxf6 Bxb2 21. Rxd8+ Rxd8 22. Bxb2 Qb4 23. Ka1 Rd6 24. Rb1 Qa5 25. Bd4 Rxd4 26. Nxd4 Qc3+ 27. Rb2 Na4 0-1

[Event "Sofia MGU op 196th"]
[Site "Sofia"]
[Date "2017.11.12"]
[Round "4"]
[White "Ivanov, Daniel"]
[Black "Georgiev, Nikolay"]
[Result "1-0"]
[WhiteElo "1758"]
[BlackElo "1588"]
[PlyCount "77"]
[EventDate "2017.11.11"]
[EventType "swiss"]
[EventRounds "6"]
[EventCountry "BUL"]
[SourceTitle "CBM 181 Extra"]
[Source "ChessBase"]
[SourceDate "2017.12.12"]
[SourceVersion "1"]
[SourceVersionDate "2017.12.12"]
[SourceQuality "1"]

1. e4 e5 2. Nf3 Nc6 3. Nc3 Nf6 4. Bb5 Bb4 5. d3 d6 6. h3 Bd7 7. 0-0 a6 8. Ba4 Ne7 9. Bxd7+ Qxd7 10. Be3 Ng6 11. a3 Bxc3 12. bxc3 0-0 13. Nh2 d5 14. f3 Nh5 15. Rf2 f5 16. exf5 Ngf4 17. d4 Qxf5 18. dxe5 Qxe5 19. Bd4 Qg5 20. Ng4 Ng3 21. Be3 h5 22. Bxf4 Rxf4 23. Ne3 c6 24. Nf1 Re8 25. Qd2 Nxf1 26. Raxf1 Qg3 27. Re1 Rxe1+ 28. Qxe1 Rh4 29. Qe6+ Kh7 30. Re2 Rf4 31. Qe5 Qh4 32. g3 Qxg3+ 33. Rg2 Qxg2+ 34. Kxg2 Rc4 35. f4 Ra4 36. Qxh5+ Kg8 37. f5 Rxa3 38. Qg6 Ra2 39. f6 1-0

[Event "Sofia MGU op 194th"]
[Site "Sofia"]
[Date "2017.10.29"]
[Round "6.2"]
[White "Vassilev, Martin"]
[Black "Georgiev, Nikolay"]
[Result "1-0"]
[WhiteElo "2071"]
[BlackElo "1598"]
[PlyCount "63"]
[EventDate "2017.10.28"]
[EventType "swiss"]
[EventRounds "6"]
[EventCountry "BUL"]
[SourceTitle "CBM 181 Extra"]
[Source "ChessBase"]
[SourceDate "2017.12.12"]
[SourceVersion "1"]
[SourceVersionDate "2017.12.12"]
[SourceQuality "1"]

1. d4 d5 2. Nf3 Nf6 3. g3 Bf5 4. c4 c6 5. Bg2 Bxb1 6. Rxb1 Qa5+ 7. Bd2 Qxa2 8. c5 Qc4 9. b3 Qb5 10. Bf1 Ne4 11. e3 Nxd2 12. Qxd2 e6 13. Bxb5 cxb5 14. 0-0 Be7 15. Ne5 Nc6 16. Nxc6 bxc6 17. Ra1 a6 18. Ra2 Bd8 19. b4 0-0 20. Rfa1 a5 21. bxa5 Ra6 22. Qd3 Bc7 23. e4 Rfa8 24. exd5 exd5 25. Qf5 g6 26. Qd7 Bd8 27. Re2 Bf6 28. Re8+ Kg7 29. Rxa8 Rxa8 30. Qxc6 Rb8 31. a6 b4 32. a7 1-0

[Event "Sofia MGU op 194th"]
[Site "Sofia"]
[Date "2017.10.28"]
[Round "3.4"]
[White "Georgiev, Nikolay"]
[Black "Simeonov, Daniel"]
[Result "1/2-1/2"]
[WhiteElo "1598"]
[BlackElo "1528"]
[PlyCount "125"]
[EventDate "2017.10.28"]
[EventType "swiss"]
[EventRounds "6"]
[EventCountry "BUL"]
[SourceTitle "CBM 181 Extra"]
[Source "ChessBase"]
[SourceDate "2017.12.12"]
[SourceVersion "1"]
[SourceVersionDate "2017.12.12"]
[SourceQuality "1"]

1. e4 c5 2. Nc3 a6 3. Bc4 e6 4. a3 Nc6 5. d3 Be7 6. Ba2 b6 7. Be3 Bb7 8. Qf3 Ne5 9. Qg3 Ng6 10. 0-0-0 d5 11. Bd2 Bd6 12. f4 d4 13. Nb1 Qh4 14. Qxh4 Nxh4 15. g3 Ng6 16. Nf3 h6 17. Rhf1 N6e7 18. Nh4 g6 19. f5 Bc8 20. fxg6 Nxg6 21. Nxg6 fxg6 22. Bf4 Ke7 23. Bxd6+ Kxd6 24. Rf7 Rb8 25. Nd2 b5 26. Rf8 Ra8 27. Rdf1 Bb7 28. Rxa8 Bxa8 29. Rf8 Bb7 30. Re8 c4 31. dxc4 Kd7 32. Rb8 Bc8 33. Rb6 Ke7 34. cxb5 a5 35. Nf3 Nf6 36. Nxd4 Nxe4 37. Bxe6 Rf8 38. Kb1 Rf6 39. Bxc8 Rxb6 40. c3 Nd6 41. Ba6 Nf5 42. Bc8 Nxd4 43. cxd4 Rxb5 44. Bg4 Rd5 45. b4 axb4 46. axb4 Rxd4 47. Bf3 Rxb4+ 48. Kc2 Ra4 49. Kd3 Ra2 50. h4 Kf6 51. Ke3 h5 52. Kf4 Rf2 53. Ke3 Rf1 54. Be4 g5 55. hxg5+ Kxg5 56. Bf3 Rg1 57. Kf2 Ra1 58. Be2 Ra2 59. Kf3 Kf5 60. Ke3 Ra3+ 61. Kf2 Rc3 62. Bxh5 Ke4 63. Bg6+ 1/2-1/2

[Event "Sofia MGU op 190th"]
[Site "Sofia"]
[Date "2017.09.24"]
[Round "6"]
[White "Georgiev, Nikolay"]
[Black "Andreev, Dobrotich"]
[Result "0-1"]
[WhiteElo "1572"]
[BlackElo "1881"]
[PlyCount "94"]
[EventDate "2017.09.23"]
[EventType "swiss"]
[EventRounds "6"]
[EventCountry "BUL"]
[SourceTitle "CBM 180 Extra"]
[Source "ChessBase"]
[SourceDate "2017.10.06"]
[SourceVersion "1"]
[SourceVersionDate "2017.10.06"]
[SourceQuality "1"]

1. e4 c6 2. Nc3 d5 3. Qf3 dxe4 4. Nxe4 Nd7 5. Bc4 e6 6. Qe2 Ngf6 7. Nf3 Nb6 8. 0-0 Nxc4 9. Qxc4 Be7 10. Re1 0-0 11. d4 Qd5 12. Qd3 Rd8 13. c4 Qf5 14. Nxf6+ Bxf6 15. Qxf5 exf5 16. Bf4 Be6 17. b3 Bxd4 18. Nxd4 Rxd4 19. Be5 Re4 20. Kf1 f6 21. Bc3 Kf7 22. Rad1 g5 23. f3 Rxe1+ 24. Kxe1 b5 25. cxb5 cxb5 26. Rd2 Rc8 27. Bd4 a6 28. Kd1 f4 29. Bb6 Rc6 30. Ba5 Bf5 31. Bb4 h5 32. Rd6 Rc2 33. Rd2 Rc6 34. Rd6 Rxd6+ 35. Bxd6 Bd3 36. Ke1 Ke6 37. Bb4 Bb1 38. a4 Bc2 39. axb5 axb5 40. Bc3 Bxb3 41. g3 fxg3 42. hxg3 h4 43. gxh4 gxh4 44. Kf1 Kf5 45. Kg2 Bd5 46. Kh3 Bxf3 47. Kxh4 Be4 0-1

[Event "Sofia MGU op 189th"]
[Site "Sofia"]
[Date "2017.09.10"]
[Round "4"]
[White "Andreev, Dobrotich"]
[Black "Georgiev, Nikolay"]
[Result "1-0"]
[WhiteElo "1881"]
[BlackElo "1572"]
[PlyCount "49"]
[EventDate "2017.09.09"]
[EventType "swiss"]
[EventRounds "6"]
[EventCountry "BUL"]
[SourceTitle "CBM 180 Extra"]
[Source "ChessBase"]
[SourceDate "2017.10.06"]
[SourceVersion "1"]
[SourceVersionDate "2017.10.06"]
[SourceQuality "1"]

1. e4 e5 2. Nf3 Nc6 3. Bb5 a6 4. Bxc6 dxc6 5. Nc3 Qf6 6. d4 exd4 7. Qxd4 Qxd4 8. Nxd4 Bb4 9. Bd2 Nf6 10. f3 Ke7 11. 0-0-0 Be6 12. a3 Bc5 13. Be3 Bb6 14. Na4 Ba7 15. Nf5+ Bxf5 16. Bxa7 Rxa7 17. exf5 Re8 18. Nc5 b6 19. Rhe1+ Kf8 20. Ne4 Nd5 21. c4 Ne7 22. f6 Ng6 23. Ng3 Rxe1 24. Rxe1 Nf4 25. Re8+ 1-0

[Event "Sofia MGU op 188th"]
[Site "Sofia"]
[Date "2017.07.16"]
[Round "4"]
[White "Georgiev, Nikolay"]
[Black "Mladenov, Andrey"]
[Result "1/2-1/2"]
[WhiteElo "1560"]
[BlackElo "1566"]
[PlyCount "65"]
[EventDate "2017.07.15"]
[EventType "swiss"]
[EventRounds "6"]
[EventCountry "BUL"]
[SourceTitle "CBM 179 Extra"]
[Source "ChessBase"]
[SourceDate "2017.08.23"]
[SourceVersion "1"]
[SourceVersionDate "2017.08.23"]
[SourceQuality "1"]

1. e4 c5 2. Nc3 Nc6 3. Bc4 Nf6 4. a3 g6 5. d3 Bg7 6. Bg5 0-0 7. Qd2 a6 8. f3 b5 9. Ba2 d6 10. g4 Nd4 11. h4 h5 12. gxh5 Nxh5 13. Nce2 Nxe2 14. Nxe2 Bxb2 15. Kf2 Bxa1 16. Rxa1 Bb7 17. Nf4 Nxf4 18. Qxf4 Qa5 19. Bxe7 Qc3 20. Bf6 Qxc2+ 21. Ke3 Kh7 22. h5 g5 23. Qxg5 Rg8 24. Qf5+ Kh6 25. Bg5+ Rxg5 26. Qf6+ Kh7 27. Qxg5 Rg8 28. Qf5+ Kh8 29. Qf6+ Kh7 30. Qxf7+ Rg7 31. Qf5+ Kh8 32. h6 Rg2 33. Qf6+ 1/2-1/2

[Event "Sofia MGU op 188th"]
[Site "Sofia"]
[Date "2017.07.15"]
[Round "3"]
[White "Kostov, Nikolai"]
[Black "Georgiev, Nikolay"]
[Result "1/2-1/2"]
[WhiteElo "1680"]
[BlackElo "1560"]
[PlyCount "107"]
[EventDate "2017.07.15"]
[EventType "swiss"]
[EventRounds "6"]
[EventCountry "BUL"]
[SourceTitle "CBM 179 Extra"]
[Source "ChessBase"]
[SourceDate "2017.08.23"]
[SourceVersion "1"]
[SourceVersionDate "2017.08.23"]
[SourceQuality "1"]

1. d4 d5 2. e3 Nf6 3. Bd3 Bg4 4. f3 Bh5 5. Nh3 Bg6 6. Nf4 Bxd3 7. Qxd3 a6 8. 0-0 e6 9. c4 dxc4 10. Qxc4 Be7 11. Nd3 Nbd7 12. Nc3 0-0 13. f4 b5 14. Qc6 Nb6 15. Qf3 b4 16. Ne4 Nxe4 17. Qxe4 Qd5 18. Qxd5 exd5 19. b3 Nd7 20. Bd2 Rfb8 21. Rac1 Bd6 22. Ne5 Nf6 23. Rc2 a5 24. Rfc1 Ne4 25. Nd3 a4 26. bxa4 Rxa4 27. Nf2 Nxf2 28. Kxf2 Rba8 29. Kf3 Rxa2 30. Rxa2 Rxa2 31. Bxb4 Bxb4 32. Rxc7 f6 33. Rb7 Bd2 34. f5 h5 35. Rb3 Ra7 36. Rb2 Bc3 37. Rb3 Be1 38. Rb1 Ba5 39. Rb5 Bd2 40. Rb2 Bc3 41. Rb3 Rc7 42. Rb5 Rd7 43. g3 Bd2 44. Rb2 Ba5 45. Rb5 Bd8 46. Rb8 Kh7 47. Rb5 Kh6 48. h4 Kh7 49. Rc5 Kg8 50. Rb5 Kf7 51. Kf4 Ke7 52. Kf3 Bc7 53. Rb1 Kf7 54. Ra1 1/2-1/2

[Event "Sofia MGU op 187th"]
[Site "Sofia"]
[Date "2017.07.08"]
[Round "3"]
[White "Mihalev, Daniil"]
[Black "Georgiev, Nikolay"]
[Result "0-1"]
[WhiteElo "1747"]
[BlackElo "1560"]
[PlyCount "118"]
[EventDate "2017.07.08"]
[EventType "swiss"]
[EventRounds "6"]
[EventCountry "BUL"]
[SourceTitle "CBM 179 Extra"]
[Source "ChessBase"]
[SourceDate "2017.08.23"]
[SourceVersion "1"]
[SourceVersionDate "2017.08.23"]
[SourceQuality "1"]

1. c4 c6 2. g3 d5 3. cxd5 cxd5 4. Nf3 Nf6 5. Bg2 Bf5 6. 0-0 e6 7. Qb3 Qb6 8. Qxb6 axb6 9. Nc3 Be7 10. d3 Nbd7 11. h3 h6 12. b3 0-0 13. Bb2 Ba3 14. Bxa3 Rxa3 15. Nb5 Ra6 16. Rfc1 Rb8 17. Rc2 Kf8 18. Rac1 Ke7 19. Nd2 Bh7 20. Nc7 Ra5 21. b4 Ra4 22. Rb2 Ne5 23. Nb5 Nc6 24. a3 Ne8 25. Nb1 Kd7 26. N1c3 Raa8 27. f4 Nd6 28. Nxd6 Kxd6 29. e4 d4 30. Nb5+ Ke7 31. Kf2 f6 32. Ke2 e5 33. h4 Rc8 34. Bh3 Rf8 35. Kd2 Bg8 36. Ra1 Ra4 37. Bg4 Be6 38. Bxe6 Kxe6 39. Nc7+ Kd6 40. Nd5 b5 41. Rb3 Ne7 42. Nxe7 Kxe7 43. Kc2 Rc8+ 44. Kb2 Ra6 45. Rc1 Rac6 46. Rxc6 Rxc6 47. Kb1 Kf7 48. Kb2 exf4 49. gxf4 Kg6 50. a4 bxa4 51. Ra3 b5 52. Ra1 Kh5 53. Rg1 Rc7 54. e5 fxe5 55. fxe5 Kxh4 56. Re1 Kg5 57. Re4 Kf5 58. Rxd4 Kxe5 59. Rd8 Rb7 0-1

[Event "Sofia MGU op 183rd"]
[Site "Sofia"]
[Date "2017.03.05"]
[Round "5"]
[White "Babatov, Martin"]
[Black "Georgiev, Nikolay"]
[Result "1-0"]
[WhiteElo "1711"]
[BlackElo "1585"]
[PlyCount "57"]
[EventDate "2017.03.04"]
[EventType "swiss"]
[EventRounds "6"]
[EventCountry "BUL"]
[SourceTitle "CBM 177 Extra"]
[Source "ChessBase"]
[SourceDate "2017.04.27"]
[SourceVersion "1"]
[SourceVersionDate "2017.04.27"]
[SourceQuality "1"]

1. d4 d5 2. c4 c6 3. cxd5 cxd5 4. Nc3 Nf6 5. Qb3 Nc6 6. e3 Rb8 7. Bd3 Bg4 8. Nf3 e6 9. Bd2 Bd6 10. Nb5 Be7 11. Rc1 Bxf3 12. gxf3 0-0 13. Rg1 a6 14. Nc3 Bd6 15. h3 Nh5 16. a3 Qh4 17. Qc2 f5 18. Ke2 Rf6 19. Rg2 Qxh3 20. Rcg1 Bh2 21. Na4 Bxg1 22. Rxg1 Qh2 23. Qc1 Rbf8 24. Nc5 Nd8 25. Nd7 Rg6 26. Rxg6 hxg6 27. Nxf8 Kxf8 28. Qc8 Qd6 29. Bb4 1-0

[Event "Sofia MGU op 183rd"]
[Site "Sofia"]
[Date "2017.03.05"]
[Round "6"]
[White "Metev, Martin"]
[Black "Georgiev, Nikolay"]
[Result "1-0"]
[WhiteElo "2000"]
[BlackElo "1585"]
[PlyCount "63"]
[EventDate "2017.03.04"]
[EventType "swiss"]
[EventRounds "6"]
[EventCountry "BUL"]
[SourceTitle "CBM 177 Extra"]
[Source "ChessBase"]
[SourceDate "2017.04.27"]
[SourceVersion "1"]
[SourceVersionDate "2017.04.27"]
[SourceQuality "1"]

1. e4 e5 2. Nf3 Nc6 3. Bb5 Bc5 4. 0-0 Nf6 5. Bxc6 dxc6 6. Nxe5 Nxe4 7. Qe2 Qd5 8. Nxc6 Qxc6 9. d3 0-0 10. Qxe4 Qxe4 11. dxe4 Re8 12. Re1 Bf5 13. Nd2 Bg6 14. Kf1 Bd6 15. g3 f5 16. f3 Re7 17. exf5 Rxe1+ 18. Kxe1 Re8+ 19. Kd1 Bxf5 20. Nc4 Kf7 21. Bd2 Bh3 22. c3 Bf1 23. Ne3 Bd3 24. f4 Bc5 25. Nc2 Bg1 26. h3 Bxc2+ 27. Kxc2 Bf2 28. g4 Bg3 29. Kd3 Kf6 30. Be3 a6 31. Rg1 Rd8+ 32. Bd4+ 1-0

[Event "Sofia MGU op 183rd"]
[Site "Sofia"]
[Date "2017.03.04"]
[Round "1"]
[White "Georgiev, Nikolay"]
[Black "Ruschukov, Boyan"]
[Result "1/2-1/2"]
[WhiteElo "1585"]
[BlackElo "1828"]
[PlyCount "89"]
[EventDate "2017.03.04"]
[EventType "swiss"]
[EventRounds "6"]
[EventCountry "BUL"]
[SourceTitle "CBM 177 Extra"]
[Source "ChessBase"]
[SourceDate "2017.04.27"]
[SourceVersion "1"]
[SourceVersionDate "2017.04.27"]
[SourceQuality "1"]

1. e4 c5 2. Nc3 Nc6 3. Nf3 d6 4. d4 cxd4 5. Nxd4 Nf6 6. Be2 e6 7. Be3 Be7 8. 0-0 a6 9. a3 Qc7 10. Nb3 0-0 11. f4 b5 12. Qd2 Bb7 13. Bf3 Rfd8 14. Qf2 Nd7 15. Rfd1 Rac8 16. Rd3 Na5 17. Nxa5 Qxa5 18. Rad1 b4 19. Na2 bxa3 20. Rxa3 Qc7 21. Rc3 Qb8 22. Rxc8 Rxc8 23. Bd4 e5 24. fxe5 Nxe5 25. Bxe5 dxe5 26. Kh1 Rd8 27. Qe2 Rxd1+ 28. Qxd1 Qd6 29. Qxd6 Bxd6 30. Nc3 g6 31. Kg1 Bc5+ 32. Kf1 Bd4 33. Nd1 Kf8 34. Ke2 Ke7 35. Kd3 a5 36. Kc4 Ba6+ 37. Kd5 Bb7+ 38. Kc4 f5 39. exf5 Ba6+ 40. Kd5 gxf5 41. c3 Bb7+ 42. Kc4 Ba6+ 43. Kd5 Bb7+ 44. Kc4 Ba6+ 45. Kd5 1/2-1/2

[Event "Sofia MGU op 182nd"]
[Site "Sofia"]
[Date "2017.02.26"]
[Round "6"]
[White "Lenkova, Lyubomira"]
[Black "Georgiev, Nikolay"]
[Result "1-0"]
[WhiteElo "1303"]
[BlackElo "1644"]
[PlyCount "31"]
[EventDate "2017.02.25"]
[EventType "swiss"]
[EventRounds "6"]
[EventCountry "BUL"]
[SourceTitle "CBM 177 Extra"]
[Source "ChessBase"]
[SourceDate "2017.04.27"]
[SourceVersion "1"]
[SourceVersionDate "2017.04.27"]
[SourceQuality "1"]

1. d4 d5 2. Bf4 c5 3. c3 cxd4 4. cxd4 Nf6 5. Nf3 Nc6 6. e3 Bf5 7. Bd3 Qa5+ 8. Nc3 Bg4 9. a3 e6 10. 0-0 Be7 11. Nb5 0-0 12. Bc7 Bxf3 13. gxf3 b6 14. b4 Bxb4 15. axb4 Qxb4 16. Bd6 1-0